Allah's mountains : (Record no. 549671)
[ view plain ]
| 000 -LEADER | |
|---|---|
| fixed length control field | 00638mam a2200181 a 4500 |
| 020 ## - INTERNATIONAL STANDARD BOOK NUMBER | |
| International Standard Book Number | 1860642152 |
| 082 04 - DEWEY DECIMAL CLASSIFICATION NUMBER | |
| Classification number | 947.9 |
| Author Mark | SMI |
| -- | L-40, P-03 |
| 100 1# - MAIN ENTRY--PERSONAL NAME | |
| Personal name | Smith, Sebastian. |
| 9 (RLIN) | 46310 |
| 245 10 - TITLE STATEMENT | |
| Title | Allah's mountains : |
| Remainder of title | politics and war in the Russian Caucasus / |
| Statement of responsibility, etc. | Sebastian Smith. |
| 260 ## - PUBLICATION, DISTRIBUTION, ETC. | |
| Place of publication, distribution, etc. | London ; |
| -- | New York : |
| Name of publisher, distributor, etc. | I.B. Tauris, |
| Date of publication, distribution, etc. | 1998. |
| 300 ## - PHYSICAL DESCRIPTION | |
| Extent | x, 288 p. : |
| Other physical details | maps ; |
| Dimensions | 24 cm. |
| 526 ## - STUDY PROGRAM INFORMATION NOTE | |
| Program name | 0 |
| Interest level | 0 |
| Reading level | 0 |
| Title point value | 947_900000000000000_SMI |
| 650 #0 - SUBJECT ADDED ENTRY--TOPICAL TERM | |
| Topical term or geographic name entry element | Insurgency |
| Geographic subdivision | Russia (Federation) |
| -- | Caucasus, Northern. |
| 9 (RLIN) | 46311 |
| 650 #4 - SUBJECT ADDED ENTRY--TOPICAL TERM | |
| Topical term or geographic name entry element | Insurgency |
| Geographic subdivision | Caucasus. |
| 9 (RLIN) | 46312 |
| 650 #4 - SUBJECT ADDED ENTRY--TOPICAL TERM | |
| Topical term or geographic name entry element | Insurgency |
| Geographic subdivision | Russia (Federation) |
| 9 (RLIN) | 46313 |
| 650 #4 - SUBJECT ADDED ENTRY--TOPICAL TERM | |
| Topical term or geographic name entry element | MCE |
| 9 (RLIN) | 379 |
| 942 ## - ADDED ENTRY ELEMENTS (KOHA) | |
| Source of classification or shelving scheme | |
| Koha item type | Book |
| Withdrawn status | Lost status | Source of classification or shelving scheme | Damaged status | Not for loan | Permanent Location | Current Location | Date acquired | Total Checkouts | Full call number | Barcode | Date last seen | Price effective from | Koha item type |
|---|---|---|---|---|---|---|---|---|---|---|---|---|---|
| Military College of Engineering (MCE) | Military College of Engineering (MCE) | 10/03/2014 | 947.9 SMI | MCE-43947 | 10/03/2014 | 10/03/2014 | Book |
